000 00565nam a2200217Ia 4500
003 OSt
005 20220923230811.0
006 a|||||r|||| 00| 0
007 ta
008 Pun
024 _a305,643
037 _cTextual
040 _aARTS
_cARTS
_bPun
041 _2Pun
_aPun
082 _aQ8441, 153L9
100 _aਬ੍ਰਹਮੀ, ਸੰਤਾ ਸਿੰਘ
245 0 _aਕਹਾਣੀ ਪ੍ਰਧਾਨ
260 _c1979
942 _hQ8441, 153L9
_cTEXL
_2CC
999 _c387433
_d387433